<?xml version="1.0" encoding="UTF-8"?><?xml-stylesheet type="text/xsl" href="static/style.xsl"?><OAI-PMH xmlns="http://www.openarchives.org/OAI/2.0/" xmlns:xsi="http://www.w3.org/2001/XMLSchema-instance" xsi:schemaLocation="http://www.openarchives.org/OAI/2.0/ http://www.openarchives.org/OAI/2.0/OAI-PMH.xsd"><responseDate>2026-05-15T14:32:30Z</responseDate><request verb="GetRecord" identifier="oai:riubu.ubu.es:10259/8952" metadataPrefix="marc">https://riubu.ubu.es/oai/request</request><GetRecord><record><header><identifier>oai:riubu.ubu.es:10259/8952</identifier><datestamp>2024-04-17T00:05:15Z</datestamp><setSpec>com_10259_8953</setSpec><setSpec>com_10259_5086</setSpec><setSpec>com_10259_2604</setSpec><setSpec>com_10259_5841</setSpec><setSpec>col_10259_8954</setSpec><setSpec>col_10259_5842</setSpec></header><metadata><record xmlns="http://www.loc.gov/MARC21/slim" xmlns:doc="http://www.lyncode.com/xoai" xmlns:xsi="http://www.w3.org/2001/XMLSchema-instance" xmlns:dcterms="http://purl.org/dc/terms/" xsi:schemaLocation="http://www.loc.gov/MARC21/slim http://www.loc.gov/standards/marcxml/schema/MARC21slim.xsd">
<leader>00925njm 22002777a 4500</leader>
<datafield tag="042" ind1=" " ind2=" ">
<subfield code="a">dc</subfield>
</datafield>
<datafield tag="720" ind1=" " ind2=" ">
<subfield code="a">Martín Antón, Luis Jorge</subfield>
<subfield code="e">author</subfield>
</datafield>
<datafield tag="720" ind1=" " ind2=" ">
<subfield code="a">Almeida, Leandro</subfield>
<subfield code="e">author</subfield>
</datafield>
<datafield tag="720" ind1=" " ind2=" ">
<subfield code="a">Sáiz Manzanares, María Consuelo</subfield>
<subfield code="e">author</subfield>
</datafield>
<datafield tag="720" ind1=" " ind2=" ">
<subfield code="a">Álvarez Cañizo, Marta</subfield>
<subfield code="e">author</subfield>
</datafield>
<datafield tag="720" ind1=" " ind2=" ">
<subfield code="a">Carbonero Martín, Miguel Ángel</subfield>
<subfield code="e">author</subfield>
</datafield>
<datafield tag="260" ind1=" " ind2=" ">
<subfield code="c">2022-09</subfield>
</datafield>
<datafield tag="520" ind1=" " ind2=" ">
<subfield code="a">Procrastination in academic activities is common amongst university students, and has negative consequences for their personal as well as academic development. As a result, there is a need for valid –yet at the same time brief and clear-cut– measurement tools that enable the specific procrastinating behaviour of university students to be measured. This work explores in depth the psychometric properties of the Spanish version of the Academic Procrastination Scale, a widely used brief tool in secondary and higher education in the Spanish speaking world. The scale was applied to a total of 1734 university students, together with the Procrastination Assessment Scale-Students (PASS), the Unintentional Procrastination Scale (UPS) and the Active Procrastination Scale (APS). Factor analyses indicate the best fit is a structure involving four interrelated factors (task aversion, poor time management, low emotional and motivational self-control, and risk assumption) compared to other proposed models. The model presents factorial invariance between men and women, and adequate convergent validity. We discuss the implications of using this scale in higher education, since differentiating the four factors might help to identify different support measures depending on university student needs.</subfield>
</datafield>
<datafield tag="024" ind2=" " ind1="8">
<subfield code="a">0260-2938</subfield>
</datafield>
<datafield tag="024" ind2=" " ind1="8">
<subfield code="a">http://hdl.handle.net/10259/8952</subfield>
</datafield>
<datafield tag="024" ind2=" " ind1="8">
<subfield code="a">10.1080/02602938.2022.2117791</subfield>
</datafield>
<datafield tag="024" ind2=" " ind1="8">
<subfield code="a">1469-297X</subfield>
</datafield>
<datafield ind1=" " ind2=" " tag="653">
<subfield code="a">Academic procrastination</subfield>
</datafield>
<datafield ind1=" " ind2=" " tag="653">
<subfield code="a">Confirmatory factor analysis</subfield>
</datafield>
<datafield ind1=" " ind2=" " tag="653">
<subfield code="a">Measurement invariance</subfield>
</datafield>
<datafield ind1=" " ind2=" " tag="653">
<subfield code="a">Higher Education</subfield>
</datafield>
<datafield tag="245" ind1="0" ind2="0">
<subfield code="a">Psychometric properties of the academic procrastination scale in Spanish university students</subfield>
</datafield>
</record></metadata></record></GetRecord></OAI-PMH>